| 000 | 00639 a2200217 4500 | ||
|---|---|---|---|
| 005 | 20151216094600.0 | ||
| 008 | 151215b xxu||||| |||| 00| 0 eng d | ||
| 020 | _a9780123869104 | ||
| 080 |
_a577.3 _bMON |
||
| 100 | _aMonteith, John L. | ||
| 245 |
_aPrinciples of environmental physics _bplants, animals, and the atmosphere _cJohn L. Monteith and Mike H.Unsworth |
||
| 250 | _a4th ed. | ||
| 260 |
_c2013 _bElsevier _aNew York |
||
| 300 | _axix, 401p. | ||
| 653 | _aBiophysics | ||
| 653 | _aMicrometeorology | ||
| 653 | _aMicroclimatology - Radiation | ||
| 653 | _aRadiant energy | ||
| 700 | _aUnsworth, Mike H. | ||
| 942 | _cBK | ||
| 999 |
_c81867 _d81866 |
||